Latest Housing Trends Published (Record no. 72600)

MARC details
000 -LEADER
fixed length control field 01056cam a2200217 4500
001 - CONTROL NUMBER
control field WB3916-08
008 - FIXED-LENGTH DATA ELEMENTS--GENERAL INFORMATION
fixed length control field 030501n2003 000 0 eng u
035 ## - SYSTEM CONTROL NUMBER
System control number (Sirsi) u122158
245 ## - TITLE STATEMENT
Title Latest Housing Trends Published
260 ## - PUBLICATION, DISTRIBUTION, ETC.
Date of publication, distribution, etc. 2003
490 ## - SERIES STATEMENT
Series statement Scottish Executive News Release
Volume/sequential designation 29 April 2003, (2)
520 ## - SUMMARY, ETC.
Summary, etc. Housing Trends in Scotland: Quarter Ending 31 December 2002 is published. This includes information on public sector house sales, new house building and local authority lettings and evictions. Shows that 5 157 applications were made by sitting tenants to buy public authority dwellings during the quarter October-December 2002 and 5 664 new dwellings were started during October-December 2002. For the Scottish Executive Press Release: http://www.scotland.gov.uk/pages/news/2003/04/SEsj261.aspx
590 ## - LOCAL NOTE (RLIN)
Local note WB
650 ## - SUBJECT ADDED ENTRY--TOPICAL TERM
Topical term or geographic name entry element HOUSING TRENDS
650 ## - SUBJECT ADDED ENTRY--TOPICAL TERM
Topical term or geographic name entry element PUBLIC AUTHORITY DWELLINGS
650 ## - SUBJECT ADDED ENTRY--TOPICAL TERM
Topical term or geographic name entry element SITTING TENANTS
650 ## - SUBJECT ADDED ENTRY--TOPICAL TERM
Topical term or geographic name entry element NEW HOUSES
650 ## - SUBJECT ADDED ENTRY--TOPICAL TERM
Topical term or geographic name entry element LOCAL AUTHORITIES
690 ## - LOCAL SUBJECT ADDED ENTRY--TOPICAL TERM (OCLC, RLIN)
Topical term or geographic name as entry element Affordable housing
9 (RLIN) 6215
942 ## - ADDED ENTRY ELEMENTS (KOHA)
Suppress in OPAC 0
Holdings
Withdrawn status Lost status Source of classification or shelving scheme Damaged status Not for loan Home library Current library Shelving location Date acquired Total Checkouts Full call number Barcode Date last seen Copy number Price effective from Koha item type
    Dewey Decimal Classification     London London News article 01/05/2003   WB3916-08 122158-1001 06/08/2019 1 06/08/2019 News article